|
|
|
|
| LEADER |
00000nam0a2200000 4500 |
| 001 |
320219 |
| 005 |
20231102003246.0 |
| 020 |
|
|
|a RU
|b 80-78138
|
| 035 |
|
|
|a (RuTPU)RU\TPU\book\345749
|
| 090 |
|
|
|a 320219
|
| 100 |
|
|
|a 20160629d1980 km y0rusy5003 ca
|
| 101 |
0 |
|
|a rus
|
| 102 |
|
|
|a RU
|
| 105 |
|
|
|a y z 000zy
|
| 200 |
1 |
|
|a Системность и общество
|f В. Г. Афанасьев
|
| 210 |
|
|
|a Москва
|c Политиздат
|d 1980
|
| 215 |
|
|
|a 368 с.
|
| 606 |
1 |
|
|a Общество
|x Философия
|2 stltpush
|3 (RuTPU)RU\TPU\subj\46693
|9 65810
|
| 610 |
1 |
|
|a система
|
| 610 |
1 |
|
|a общественно-экономические формации
|
| 610 |
1 |
|
|a общественное развитие
|
| 610 |
1 |
|
|a общественное управление
|
| 610 |
1 |
|
|a системность
|
| 610 |
1 |
|
|a системные методы
|
| 610 |
1 |
|
|a целостность
|
| 610 |
1 |
|
|a структура
|
| 610 |
1 |
|
|a функции
|
| 610 |
1 |
|
|a историзм
|
| 610 |
1 |
|
|a информация
|
| 686 |
|
|
|a Ю62
|v LBC/SL-A
|2 rubbk
|
| 700 |
|
1 |
|a Афанасьев
|b В. Г.
|c Виктор Григорьевич
|4 070
|
| 801 |
|
0 |
|a RU
|b RuMRKP
|c 19950704
|g psbo
|
| 801 |
|
1 |
|a RU
|b 63413507
|c 20160629
|
| 801 |
|
2 |
|a RU
|b 63413507
|c 20171107
|g RCR
|
| 942 |
|
|
|c BK
|